00984 a2200241 4500003000500000005001700005010001600022020002700038040000900065082001400074100001700088245004300105250002300148260005300171300004400224490003800268505023100306650004400537650002300581650006000604650003900664830003900703Nust20221215142654.0 a 89011340 a0836800087 (lib. bdg.) cNust00a304.2,MON1 aMoney, D. C.10aOur changing landscape / cD.C. Money. aNorth American ed. aMilwaukee :bG. Stevens Children's Books,c1990. a64 p. :bcol. ill., col. maps ;c27 cm.1 aGareth Steven information library aThe Changing Earth (Page-4), The Environment (Page-10), Farming (Page-16), Settlements (Page-24), Commerce and Industry (Page-32), Transpiration (Page-40), Landscape Under Pressure (Page-48), Knowing What is Happing (Page-54). 0aLandscape changesxJuvenile literature. 0aLandscape changes. 0aNaturexEffect of human beings onxJuvenile literature. 0aNaturexEffect of human beings on. 0aGareth Stevens information library